En los márgenes /

"En los márgenes no es ni una divagación ajena al sentido del mundo concreto y cotidiano, ni un texto en que el verosímil autobiográfico fundamente lo literario. El de Molina es un yo sin estridencias ni disonancias. Una vida entrecortada, contada a partir de la predominancia de los pequeños in...

Descripción completa

Guardado en:
Autor Principal: Molina, Ignacio, 1976-, (Autor, autor.)
Formato: Libro
Idioma:Spanish
Publicado: Bahía Blanca : 17 grises, 2011.
Edición:1a. ed.
Series:Colección Literal / imaginaria
Materias:
Etiquetas: Agregar Etiqueta
Sin Etiquetas, Sea el primero en etiquetar este registro!
LEADER 01230nam a22002295a 4500
001 EUN.eunm009496
008 241212s2011####ag############000#0#spa#d
005 20241212093335.0
245 1 0 |a En los márgenes /  |c Ignacio Molina. 
250 |a 1a. ed. 
260 |a Bahía Blanca :  |b 17 grises,  |c 2011. 
300 |a 92 p. ;  |c 20 cm. 
490 1 |a Colección Literal/imaginaria 
520 0 |a "En los márgenes no es ni una divagación ajena al sentido del mundo concreto y cotidiano, ni un texto en que el verosímil autobiográfico fundamente lo literario. El de Molina es un yo sin estridencias ni disonancias. Una vida entrecortada, contada a partir de la predominancia de los pequeños instantes de una cotidianeidad que se vuelve propia a fuerza de expropiación. Una voz narrativa que hace pie en lo cotidiano y toma luminosas instantáneas de lo que se tiene y no se deja perder: la propia vida."--Contratapa. 
020 |a 9789871724093 
100 1 |a Molina, Ignacio,  |d 1976-,  |e autor.  |4 aut 
830 0 |a Colección Literal / imaginaria 
082 0 4 |a A863.4  |2 21 
650 1 7 |a Literatura argentina.  |2 unbist 
650 7 |a Siglo XXI.  |2 unbist 
655 7 |a Cuento.  |2 unescot 
859 |a AR-BaUNS  |b BIB. CENTRAL - Sector A  |h A863.4  |i M733  |p 128981/024